000 00851cam a22002773a 4500
001 10093
003 PGUSA
005 20140828083219.0
008 031101s2003||||xxu|||||s|||||000 1 eng d
040 _aPGUSA
_beng
042 _adc
050 4 _aPZ
100 1 _aMacDonald, George,
_d1824-1905
245 1 0 _aGutta-Percha Willie :
_bThe Working Genius
_h[electronic resource] /
_cGeorge MacDonald
260 _bProject Gutenberg,
_c2003
506 _aPublic domain in the USA.
516 _aElectronic text
653 _aWater -- Juvenile fiction
653 _aPhysicians -- Juvenile fiction
653 _aGifted persons -- Juvenile fiction
653 _aReading -- Juvenile fiction
740 0 _aThe History of Gutta-Percha Willie
830 0 _aProject Gutenberg
_v10093
856 4 0 _uhttp://www.gutenberg.org/ebooks/10093
942 _cEB
999 _c239348
_d239348